| 000 | 00485nam a2200157Ia 4500 | ||
|---|---|---|---|
| 008 | 160316s1992 xxu||||| |||| 00| 0 eng d | ||
| 082 |
_a342.085000 _bSER |
||
| 100 | _aSermet Laurent | ||
| 245 | _aThe European convention on human rights and property rights | ||
| 250 | _a | ||
| 260 |
_aStrasbourg _bCouncil of Europe _c1992 |
||
| 300 |
_a55p _b _c |
||
| 365 | _b | ||
| 650 | _a1. Human Rights - Convention - Protocol - Europe 2. Property Rights - Convention -- Europe | ||
| 700 |
_a _a |
||
| 999 |
_c18482 _d18482 |
||